NFL Offseason - Statistics

General Stats
  • This quiz has been taken 33 times
  • The average score is 18 of 47
Answer Stats
Old Team Position Transaction New Team Answer % Correct
Patriots QB Signing Buccaneers Tom Brady
100%
Cardinals RB Trade Texans David Johnson
77%
Texans WR Trade Cardinals DeAndre Hopkins
77%
Jaguars DE Trade Ravens Calais Campbell
63%
Vikings WR Trade Bills Stefon Diggs
63%
Titans QB Signing Raiders Marcus Mariota
60%
Chargers QB Signing Colts Phillip Rivers
60%
Falcons TE Signing Browns Austin Hooper
57%
Saints QB Signing Panthers Teddy Bridgewater
57%
49ers WR Signing Saints Emmanuel Sanders
53%
Cowboys S Signing Dolphins Byron Jones
50%
49ers DE Trade Colts DeForest Buckner
50%
Ravens TE Trade Falcons Hayden Hurst
47%
Chargers RB Signing Broncos Melvin Gordon II
47%
Jaguars QB Trade Bears Nick Foles
47%
Lions CB Trade Eagles Darius Slay
43%
Packers TE Signing Bears Jimmy Graham
43%
Rams RB Signing Falcons Todd Gurley III
43%
Redskins QB Signing Browns Case Keenum
40%
Broncos CB Signing Chargers Chris Harris Jr.
40%
Colts TE Signing Steelers Eric Ebron
40%
Cowboys TE Signing Raiders Jason Witten
40%
Eagles S Signing Saints Malcolm Jenkins
40%
Titans RT Signing Browns Jack Conklin
37%
Cowboys WR Signing Texans Randall Cobb
37%
Chargers FB Signing Steelers Derek Watt
33%
Panthers DT Signing Cowboys Gerald McCoy
33%
Patriots LB Signing Dolphins Kyle Van Noy
33%
Packers LB Signing Giants Blake Martinez
30%
Eagles RB Signing Dolphins Jordan Howard
30%
Eagles WR Signing Raiders Nelson Agholor
30%
Patriots LB Signing Lions Jamie Collins
27%
Falcons CB Signing Lions Desmond Trufant
23%
Bears S Signing Cowboys Ha Ha Clinton-Dix
23%
Browns LB Signing Jaguars Joe Schobert
23%
Cowboys LB/DE Signing Bears Robert Quinn
23%
Chargers LB Signing Redskins Thomas Davis Sr.
23%
Packers RT Signing Chargers Bryan Bulaga
20%
Rams LB Signing Raiders Corey Littleton
17%
Redskins LG Signing Dolphins Ereck Flowers
17%
Titans DT Trade Broncos Jurrell Casey
17%
Falcons LB Signing Titans Vic Beasley Jr.
17%
Browns LB Signing Packers Christian Kirksey
13%
Lions C Signing Packers Frank Ragnow
10%
Panthers LB Signing Seahawks Bruce Irvin
7%
Ravens DE Trade Steelers Chris Wormley
7%
Rams LB Signing Falcons Dante Fowler Jr.
7%
No matching quizzes found
Score Distribution
Percent of People with Each Score
Percentile by Number Answered
Your Score History
You have not taken this quiz